[Event "Vienna op-B"]
[Site "Vienna"]
[Date "1996.??.??"]
[Round "3"]
[White "Wohlfahrt, Herbert J"]
[Black "Contin, Daniel"]
[Result "0-1"]
[WhiteElo "2235"]
[BlackElo "2300"]

1.d4 Nf6 2.Nf3 b6 3.c4 e6 4.g3 Ba6 5.b3 Bb4+ 6.Bd2 Be7 7.Bg2 d5 8.cxd5 Nxd5
9.O-O O-O 10.Nc3 Nd7 11.Nxd5 exd5 12.Bf4 Nf6 13.Rc1 c5 14.Ne5 Qe8 15.Re1 Rd8
16.Rc2 Ne4 17.Be3 Bd6 18.Nd3 c4 19.Nf4 Bb4 20.Rf1 g5 21.Nh3 f6 22.Qc1 b5
23.f3 Nd6 24.a3 cxb3 25.Rc7 Ba5 26.Rxa7 Rc8 27.Qb1 Qxe3+ 28.Nf2 Rc2 29.Rxa6 Nc4
30.Kh1 Nd2 31.Ng4 Qxe2 32.Qd1 Nxf1  0-1

[Event "Vienna op"]
[Site "Vienna"]
[Date "1996.??.??"]
[Round "4"]
[White "Maksimenko, Andrei"]
[Black "Dautov, Rustem"]
[Result "1/2-1/2"]
[WhiteElo "2545"]
[BlackElo "2615"]

1.d4 Nf6 2.c4 e6 3.Nf3 b6 4.g3 Ba6 5.b3 Bb4+ 6.Bd2 Be7 7.Bg2 c6 8.Bc3 d5
9.Nbd2 Nbd7 10.O-O O-O 11.Re1 c5 12.e4 dxe4 13.Nxe4 Bb7 14.Nfg5 Qc7 15.dxc5 bxc5
16.Nxf6+  1/2-1/2

[Event "Vienna op"]
[Site "Vienna"]
[Date "1996.??.??"]
[Round "4"]
[White "Polak, Tomas"]
[Black "Epishin, Vladimir"]
[Result "0-1"]
[WhiteElo "2445"]
[BlackElo "2620"]

1.d4 Nf6 2.c4 e6 3.Nf3 b6 4.g3 Ba6 5.b3 b5 6.cxb5 Bxb5 7.Bg2 d5 8.O-O Nbd7
9.Nc3 Ba6 10.Bb2 Be7 11.Rc1 O-O 12.Na4 Qb8 13.Nc5 Bxc5 14.dxc5 c6 15.Ne5 Qc7
16.f4 Rfe8 17.Qd2 Ne4 18.Qc2 Ndf6 19.Nf3 Ng4 20.Bd4 f6 21.Kh1 e5 22.fxe5 fxe5
23.Bg1 Rf8 24.Nh4 Nxg3+ 25.hxg3 e4 26.Qc3 Bxe2 27.Rxf8+ Rxf8 28.Qe1 e3 29.Rc2 Bd3
30.Rc3 Qa5 31.Bh3 Nf2+ 32.Bxf2 Be4+ 33.Kh2 exf2 34.Qc1 d4 35.Rc4 Qe1 36.Bf1 d3  0-1

[Event "Vienna op"]
[Site "Vienna"]
[Date "1996.??.??"]
[Round "7"]
[White "Dautov, Rustem"]
[Black "Palac, Mladen"]
[Result "0-1"]
[WhiteElo "2615"]
[BlackElo "2540"]

1.d4 Nf6 2.c4 e6 3.Nf3 b6 4.g3 Ba6 5.Qa4 Bb7 6.Bg2 c5 7.dxc5 bxc5 8.Nc3 Be7
9.O-O O-O 10.Rd1 Qb6 11.Bf4 d6 12.Rd2 Nc6 13.Bxd6 Bxd6 14.Rxd6 Qxb2 15.Rb1 Qxc3
16.Rxb7 Nd4 17.Nxd4 Qe1+ 18.Bf1 Ne4  0-1

[Event "Vienna op"]
[Site "Vienna"]
[Date "1996.??.??"]
[Round "7"]
[White "Komarov, Dimitri"]
[Black "Lerner, Konstantin Z"]
[Result "1-0"]
[WhiteElo "2595"]
[BlackElo "2580"]

1.d4 Nf6 2.c4 e6 3.Nf3 b6 4.g3 Ba6 5.b3 Bb4+ 6.Bd2 Be7 7.Bg2 O-O 8.O-O Bb7
9.Nc3 Na6 10.Rc1 Re8 11.Ne5 Bxg2 12.Kxg2 Qb8 13.e3 Qb7+ 14.Qf3 Qxf3+ 15.Kxf3 c6
16.e4 Rac8 17.Be3 Ba3 18.Rc2 d6 19.Nxc6 Rxc6 20.Nb5 Bb4 21.Nxa7 Rc7 22.Nb5 d5
23.e5 Nd7 24.Nxc7 Nxc7 25.Rfc1 f6 26.Ke2 Kf7 27.f4 Ba3 28.Rb1 Bb4 29.Bd2 Be7
30.a4 Ra8 31.Ra1 Bd8 32.Kd3 dxc4+ 33.bxc4 b5 34.cxb5 Nxb5 35.Rb2 Nc7 36.Rb7 fxe5
37.fxe5 Ke8 38.a5 Nb8 39.Bb4 Kd7 40.Bd6 Kc8 41.Rb6 Nba6 42.Rc1 Ra7 43.Bxc7 Nxc7
44.Rxe6 Rxa5 45.Rd6 Ra3+ 46.Ke2 Ra2+ 47.Kf3 Rxh2 48.e6 Rd2 49.Rd7 Rd3+ 50.Kg2 Rd2+
51.Kf1 Rd3 52.d5 Rxg3 53.d6 Rg6 54.Rcxc7+ Bxc7 55.Rxc7+ Kb8 56.Re7  1-0

[Event "Villa Gesell"]
[Site "Villa Gesell"]
[Date "1996.??.??"]
[Round "1"]
[White "Sorin, Ariel"]
[Black "Zarnicki, Pablo"]
[Result "1-0"]
[WhiteElo "2505"]
[BlackElo "2545"]

1.d4 Nf6 2.c4 e6 3.Nf3 b6 4.g3 Ba6 5.Qb3 Nc6 6.Nbd2 Na5 7.Qa4 Bb7 8.Bg2 c5
9.dxc5 bxc5 10.O-O Qc7 11.Rd1 Be7 12.Ng5 Bxg2 13.Kxg2 O-O 14.Nde4 Nxe4 15.Rxd7 Qe5
16.Nf3 Qf6 17.Qxa5 g5 18.h3 h5 19.Qc7 g4 20.hxg4 hxg4 21.Qf4 gxf3+ 22.exf3 Ng5
23.Qg4 Qxf3+ 24.Qxf3 Nxf3 25.Rxe7 Ne1+ 26.Kf1 Nc2 27.Rb1 Rfe8 28.Bg5 Nd4
29.Rd1 e5 30.Kg2 Kf8 31.Rd7 a5 32.Bf6 Re6 33.Rh1 Rxf6 34.Rh8+ Kg7 35.Rxa8 Nf3
36.Rxa5 e4 37.Rxc5 Ne1+ 38.Kf1 Nf3 39.g4 e3 40.Rf5  1-0

[Event "Warsaw op (Women)"]
[Site "Warsaw"]
[Date "1996.??.??"]
[Round "4"]
[White "Zielinska, Marta"]
[Black "Litinskaya, Marta I"]
[Result "0-1"]
[WhiteElo "2250"]
[BlackElo "2355"]

1.d4 Nf6 2.Nf3 e6 3.c4 b6 4.g3 Ba6 5.b3 Bb4+ 6.Bd2 Be7 7.Bg2 c6 8.O-O d5
9.Bc3 Nbd7 10.Nbd2 O-O 11.Qc2 Rc8 12.Rad1 b5 13.Rfe1 c5 14.e4 bxc4 15.dxc5 cxb3
16.Nxb3 Nxc5 17.Bxf6 Bxf6 18.Nxc5 Qb6 19.Rc1 Be7 20.exd5 Rxc5 21.Qa4 Rxd5
22.Rb1 Rb5 23.Rbd1 Bc5 24.Kh1 Bxf2 25.Rf1 Rb2 26.Ng5 h6 27.Ne4 Bxf1 28.Rxf1 Rb1
29.Qc2 Rxf1+ 30.Bxf1 Bd4 31.Bg2 Qb2 32.Qd3 Rc8 33.h4 Rc2 34.Qf3 Be5  0-1

[Event "Werfen op-A"]
[Site "Werfen"]
[Date "1996.??.??"]
[Round "5"]
[White "Martin, Andreas"]
[Black "Mikac, Matjaz"]
[Result "1/2-1/2"]
[WhiteElo "2255"]
[BlackElo "2440"]

1.d4 Nf6 2.c4 e6 3.Nf3 b6 4.g3 Ba6 5.b3 d5 6.Bg2 c5 7.O-O Nc6 8.cxd5 exd5
9.Nc3 Be7 10.Bb2 Rc8 11.Rc1 O-O 12.dxc5 d4 13.Nb1 bxc5 14.Nbd2 Nd5 15.a3 Re8
16.Re1 Bf6 17.Rxc5 Nc3 18.Qa1 Nxe2+ 19.Kh1 Be7 20.Ne4 Bd3 21.Rxc6 Rxc6 22.Ne5 Bxe4
23.Bxe4 Re6 24.Rxe2 Bf6 25.Bxd4 Bxe5 26.Bxe5 f6 27.Qb1 Rxe5 28.Bxh7+ Kf8
29.Rxe5 Rxe5 30.Bd3 Qd5+ 31.Kg1 Qd4 32.Bc4  1/2-1/2

[Event "Winterthur"]
[Site "Winterthur"]
[Date "1996.??.??"]
[Round "9"]
[White "Van der Sterren, Paul"]
[Black "Hjartarson, Johann"]
[Result "1/2-1/2"]
[WhiteElo "2510"]
[BlackElo "2565"]

1.d4 Nf6 2.c4 e6 3.Nf3 b6 4.g3 Ba6 5.b3 Bb4+ 6.Bd2 Be7 7.Bg2 d5 8.cxd5 exd5
9.O-O O-O 10.Nc3 Bb7 11.Qc2 Nbd7 12.Bf4 c6 13.Rfd1 Re8 14.Ne5 Nf8 15.e4 Ne6
16.Be3 Rc8 17.exd5 cxd5 18.Qd3 Bd6 19.Rac1 a6 20.a4 Qe7 21.Ne2 g6 22.Nf4 Nxf4
23.Bxf4 Ne4 24.f3 Ng5 25.Bd2 Ne6 26.f4 Ba3 27.Rxc8 Rxc8 28.Re1 Qd6 29.Bh3 f5
30.Kh1 Ng7 31.Nf3 a5 32.Bg2 Qc7 33.Ra1 Bf8 34.Rc1 Qd8 35.Rxc8 Bxc8 36.Ne5 Ne8
37.Qb5 Nf6 38.b4 axb4 39.Bxb4 Bxb4 40.Qxb4 Qc7 41.h3 Ba6  1/2-1/2

[Event "Witley"]
[Site "Witley"]
[Date "1996.??.??"]
[Round "8"]
[White "Bates, Richard"]
[Black "Polak, Tomas"]
[Result "1/2-1/2"]
[WhiteElo "2315"]
[BlackElo "2445"]

1.d4 Nf6 2.c4 e6 3.Nf3 b6 4.g3 Ba6 5.b3 Bb7 6.Bg2 Bb4+ 7.Bd2 a5 8.O-O O-O
9.Qc2 d6 10.Nc3 Nbd7 11.a3 Bxc3 12.Bxc3 Be4 13.Qb2 Qb8 14.Rfd1 b5 15.d5 bxc4
16.dxe6 fxe6 17.Bh3 e5 18.Ng5 Bg6 19.bxc4 Qxb2 20.Bxb2 Rfb8 21.Bc3 Nc5 22.Ne6 Nxe6
23.Bxe6+ Bf7 24.Bxf7+ Kxf7 25.Rab1 a4 26.f3 Nd7 27.e4 Rb3 28.Rxb3 axb3 29.Rb1 Rxa3
30.Bb4 Ra7 31.Rxb3 Rb7 32.Rb2 c5 33.Bc3 Rxb2 34.Bxb2 Nb6 35.Kf2 Nxc4 36.Bc3 Ke6
37.Ke2 Na3 38.f4 Nb5 39.Ba1 Nd4+ 40.Kd3 g6 41.Kc4 Nc2 42.Bb2 Ne3+ 43.Kd3 Nf1
44.fxe5 dxe5 45.g4 Nxh2 46.g5 Nf3 47.Bc1 Kd6 48.Kc4 Kc6 49.Be3 Nd4 50.Bg1 Ne6
51.Be3 Nd4 52.Bg1 Nb5 53.Bxc5 Nc3 54.Kd3 Kxc5 55.Kxc3  1/2-1/2

[Event "Yalta op"]
[Site "Yalta"]
[Date "1996.??.??"]
[Round "1"]
[White "Neverov, Valeriy"]
[Black "Sazonov, Anatolij"]
[Result "1-0"]
[WhiteElo "2515"]
[BlackElo "2220"]

1.d4 Nf6 2.c4 e6 3.Nf3 b6 4.g3 Ba6 5.b3 c5 6.Bg2 d5 7.O-O Be7 8.cxd5 Nxd5
9.Bb2 O-O 10.Nbd2 Nd7 11.Nc4 Rc8 12.e4 N5f6 13.d5 exd5 14.exd5 Bxc4 15.bxc4 Bd6
16.Bh3 Rc7 17.Re1 Re8 18.Qd3 b5 19.Rxe8+ Qxe8 20.Bxd7 Nxd7 21.Re1 Qd8 22.cxb5 c4
23.Qd2 Qc8 24.Bc3 Qf8 25.Nd4 Ne5 26.Re3 Ng4 27.Re2 Ne5 28.Kg2 g6 29.Nc6 Nd7
30.Qd4 f6 31.Qxc4 Ne5 32.Qe4 Qf7 33.Bxe5 fxe5 34.a4 Rd7 35.a5 Bc7 36.b6 axb6
37.axb6 Bd6 38.Nxe5 Bxe5 39.Qxe5 Qxd5+ 40.Qxd5+ Rxd5 41.b7  1-0

[Event "Yalta op (Women)"]
[Site "Yalta"]
[Date "1996.??.??"]
[Round "8"]
[White "Alexandrova, Olga"]
[Black "Kulish, Irina"]
[Result "1/2-1/2"]
[WhiteElo "2210"]
[BlackElo "2260"]

1.d4 Nf6 2.c4 e6 3.Nf3 b6 4.g3 Ba6 5.b3 Bb4+ 6.Bd2 Be7 7.Bg2 c6 8.O-O d5
9.Ne5 Nfd7 10.Nxd7 Nxd7 11.cxd5 cxd5 12.Nc3 O-O 13.Re1 Nf6 14.Bc1 Rc8 15.Bb2 Bb4
16.Rc1 Qe7 17.Rc2 Ne4 18.Qa1 Nxc3 19.Bxc3 Ba3 20.Qb1 Rc7 21.Bb2 Rxc2 22.Qxc2 Rc8
23.Bxa3 Qxa3 24.Qd2 Bb5 25.e3 a5 26.Bf1 Bxf1 27.Kxf1 g6 28.Ke2 h5 29.h4 Kg7
30.Rb1 Kf6 31.Rb2 b5 32.Rc2  1/2-1/2

[Event "Yerevan ol (Men)"]
[Site "Yerevan"]
[Date "1996.??.??"]
[Round "2"]
[White "Ortiz, Waldemar"]
[Black "Sammalvuo, Tapani"]
[Result "0-1"]
[WhiteElo "2085"]
[BlackElo "2370"]

1.d4 Nf6 2.c4 e6 3.Nf3 b6 4.g3 Ba6 5.Qc2 Bb7 6.Nc3 c5 7.dxc5 Bxc5 8.Bg2 O-O
9.O-O Nc6 10.e4 Ng4 11.Bf4 f6 12.Rad1 Nge5 13.Nb5 Qe7 14.Nfd4 Nb4 15.Qb3 a6
16.Nc3 Rfc8 17.a3 Nbc6 18.Nxc6 Bxc6 19.Na4 b5 20.Nxc5 Qxc5 21.cxb5 Qxb5 22.Qa2 Nd3
23.Bc1 a5 24.Qb1 Ne5 25.f4 Qc5+ 26.Kh1 Ng4 27.Rd2 Ne3 28.Re1 Nxg2 29.Rxg2 f5
30.Bd2 Bxe4 31.Rxe4 fxe4 32.Qxe4 Qc2 33.Qxc2 Rxc2 34.Bc3 Rc1+ 35.Rg1 Rxg1+
36.Kxg1  0-1

[Event "Yerevan ol (Women)"]
[Site "Yerevan"]
[Date "1996.??.??"]
[Round "3"]
[White "Sekulovska, Vesna"]
[Black "Gervais, Claire"]
[Result "0-1"]
[WhiteElo "2095"]
[BlackElo "2225"]

1.d4 Nf6 2.c4 e6 3.Nf3 b6 4.g3 Ba6 5.b3 Bb4+ 6.Bd2 Be7 7.Bg2 c6 8.Nc3 d5
9.cxd5 cxd5 10.O-O Nc6 11.a3 O-O 12.b4 Ne4 13.Rc1 Rc8 14.Be3 Nxc3 15.Rxc3 Bc4
16.Nd2 b5 17.Nxc4 bxc4 18.f4 f5 19.Bf2 Bf6 20.e3 Qb6 21.g4 g6 22.Kh1 a5 23.bxa5 Nxa5
24.Rg1 Kh8 25.g5 Be7 26.h4 Nb3 27.h5 Kg7 28.Bf3 Bxa3 29.Rg2 Bb4 30.Rc2 Ra8
31.Bg1 Ra1 32.Qe2 Rh8 33.Rh2 Qb8 34.Qg2 Qd8 35.Qh3 Nc1 36.Qf1 Nb3 37.Qh3 c3
38.Ra2 Rxa2 39.Rxa2 Qc7 40.Bd1 Nd2 41.h6+ Kf7 42.Qg2 Rb8 43.Qe2 Qc4 44.Rc2 Qxe2
45.Bxe2 Ra8 46.Kg2 Nb3 47.Bd3 Ra1 48.Bf2 Rd1 49.Be2 Rb1 50.Bd3 Rb2 51.Kf3 Rxc2
52.Bxc2 Na1 53.Bd3 c2 54.Bxc2 Nxc2 55.Ke2 Na3 56.Kd3 Nc4 57.Bg1 Nd6  0-1

[Event "Yerevan ol (Men)"]
[Site "Yerevan"]
[Date "1996.??.??"]
[Round "4"]
[White "Kempinski, Robert"]
[Black "Sturua, Zurab"]
[Result "1/2-1/2"]
[WhiteElo "2510"]
[BlackElo "2560"]

1.d4 Nf6 2.c4 e6 3.Nf3 b6 4.g3 Ba6 5.b3 Bb7 6.Bg2 Bb4+ 7.Bd2 a5 8.O-O O-O
9.Bc3 d5 10.Ne5 Qc8 11.cxd5 exd5 12.Bb2 Qe6 13.Nc3 Na6 14.Rc1 Rfd8 15.Qd3 h6
16.Nb5 c6 17.Nc3 Bf8 18.Na4 b5 19.Nc3 a4 20.bxa4 b4 21.Nb1 Rdb8 22.Nd2 c5
23.dxc5 Nxc5 24.Qd4 Nxa4 25.Ba1 Rc8 26.Nb3 Ne4 27.Bxe4 dxe4 28.Nd7 Qd6 29.Nxf8 Qxd4
30.Nxd4 Kxf8 31.Rb1 Rc4 32.Nf5 Nc3 33.Bxc3 Rxc3 34.Rxb4 Bc8 35.Nd6 e3 36.fxe3 Bh3
37.Rxf7+ Kg8 38.Kf2 Rc6 39.Rbb7 Rxd6 40.Rxg7+ Kf8 41.g4 Rf6+ 42.Kg3 Bf1 43.Rh7 Kg8
44.Rhg7+ Kf8  1/2-1/2

[Event "Yerevan ol (Men)"]
[Site "Yerevan"]
[Date "1996.??.??"]
[Round "5"]
[White "Stanec, Nikolaus"]
[Black "Alzate, Dario"]
[Result "1/2-1/2"]
[WhiteElo "2505"]
[BlackElo "2370"]

1.d4 Nf6 2.c4 e6 3.Nf3 b6 4.g3 Ba6 5.b3 Bb4+ 6.Bd2 Be7 7.Bg2 c6 8.Bc3 d5
9.Ne5 Nfd7 10.Nxd7 Nxd7 11.Nd2 Nf6 12.O-O O-O 13.e4 b5 14.e5 Nd7 15.f4 bxc4
16.bxc4 Nb6  1/2-1/2

[Event "Yerevan ol (Men)"]
[Site "Yerevan"]
[Date "1996.??.??"]
[Round "6"]
[White "Sae Heng, Boonsueb"]
[Black "Gostisa, Leon"]
[Result "1-0"]
[WhiteElo "2200"]
[BlackElo "2405"]

1.d4 Nf6 2.c4 e6 3.Nf3 b6 4.g3 Ba6 5.b3 c6 6.Bg2 d5 7.Ne5 Nfd7 8.Nxd7 Nxd7
9.Nd2 Be7 10.O-O O-O 11.e4 dxc4 12.Nxc4 c5 13.d5 Bf6 14.Rb1 exd5 15.exd5 b5
16.Ne3 Qa5 17.Qc2 Rad8 18.Bd2 Qb6 19.Rfe1 Ne5 20.Rbd1 c4 21.bxc4 Rc8 22.c5 Rxc5
23.Qb3 Rcc8 24.Bb4 Rfd8 25.Nf5 Ng6 26.Ne7+ Nxe7 27.Bxe7 Bxe7 28.Rxe7 Rd6
29.Rde1 Rf8 30.Qe3 Bb7 31.Qe5 Bc8 32.Re8 Rd8 33.Rxf8+ Rxf8 34.Qe7 a6 35.Rc1 Qd8
36.d6 Re8 37.Rxc8 Qxe7 38.dxe7 Rxc8 39.Bc6  1-0

[Event "Yerevan ol (Men)"]
[Site "Yerevan"]
[Date "1996.??.??"]
[Round "6"]
[White "Kempinski, Robert"]
[Black "Yasseen, Aly"]
[Result "1/2-1/2"]
[WhiteElo "2510"]
[BlackElo "2350"]

1.d4 Nf6 2.c4 e6 3.Nf3 b6 4.g3 Ba6 5.b3 Bb7 6.Bg2 Bb4+ 7.Bd2 a5 8.O-O O-O
9.Nc3 d5 10.Ne5 Qc8 11.cxd5 exd5 12.Rc1 Qd8 13.Bg5 Be7 14.Qc2 h6 15.Bxf6 Bxf6
16.Rfd1 Na6 17.Qf5 c6 18.Nd7 Bg5 19.Nxf8 Bxc1 20.Ne6 Qf6 21.Nxg7 Qxg7 22.Rxc1 Qxd4
23.e4 Qd2 24.Qg4+ Kh8 25.Ne2 Nc5 26.exd5 cxd5 27.Qd4+ Qxd4 28.Nxd4 Re8 29.h4 Kh7
30.a3 Kg6 31.Bf3 Ne6 32.Nb5 Rd8 33.b4 axb4 34.axb4 Ba6 35.Nc3 Bc4 36.h5+ Kf6
37.Rd1 Ke5 38.Bg2 d4 39.f4+ Kf6 40.Ne4+ Ke7 41.Kf2 Bd5 42.f5 Bxe4 43.Bxe4 Ng5
44.Bb1 Kf6 45.Ke2 Ke5 46.Rc1 Ne4 47.Bxe4 Kxe4 48.Rc7 d3+ 49.Kd2 Rd4 50.Rxf7 Rxb4
51.f6 Rb2+ 52.Kd1 Rb1+ 53.Kd2 Rb2+ 54.Kc1 d2+ 55.Kd1 Ke3 56.Re7+ Kd3 57.Rd7+ Ke3
58.Re7+  1/2-1/2

[Event "Yerevan ol (Women)"]
[Site "Yerevan"]
[Date "1996.??.??"]
[Round "7"]
[White "Bekiarisova, Alena"]
[Black "Hamid, Rani"]
[Result "1/2-1/2"]
[WhiteElo "2110"]
[BlackElo "2135"]

1.d4 Nf6 2.c4 e6 3.Nf3 b6 4.g3 Ba6 5.b3 Be7 6.Bg2 Bb7 7.O-O O-O 8.Bb2 d5
9.Nbd2 Ne4 10.Qc2 f5 11.Rac1 c5 12.cxd5 exd5 13.dxc5 bxc5 14.b4 Na6 15.bxc5 Naxc5
16.Nb3 Rc8 17.Qd1 Nxb3 18.Rxc8 Bxc8 19.axb3 Bc5 20.Bd4 Qb6 21.Bxc5 Qxc5 22.Qd4 Qb5
23.Qd3 Qb6 24.Qxd5+ Be6 25.Qd4 Bxb3 26.Qxb6 axb6 27.Rb1 Bc4 28.Rxb6 Bxe2
29.Nd4 Bd3 30.Bf1 Bxf1 31.Kxf1 g6 32.f3 Ng5 33.h4 Nf7 34.Ne6 Re8 35.Nc7 Rc8
36.Nd5 Ra8 37.h5 Kg7 38.Ne7 Ra1+ 39.Ke2 Ra2+ 40.Kd1 Ne5 41.hxg6 hxg6 42.f4  1/2-1/2

[Event "Yerevan ol (Men)"]
[Site "Yerevan"]
[Date "1996.??.??"]
[Round "7"]
[White "Livshits, Ron"]
[Black "Olafsson, Helgi"]
[Result "0-1"]
[WhiteElo "2390"]
[BlackElo "2500"]

1.d4 Nf6 2.c4 e6 3.Nf3 b6 4.g3 Ba6 5.b3 b5 6.cxb5 Bxb5 7.Bg2 Bb4+ 8.Bd2 a5
9.O-O Bc6 10.Nc3 O-O 11.Qc2 Qc8 12.Ne5 Bxg2 13.Kxg2 c5 14.Qd3 cxd4 15.Qxd4 d6
16.Nc4 Nc6 17.Qf4 e5 18.Qh4 Qb7 19.e4 Rad8 20.Rad1 Ne7 21.f3 h6 22.Qh3 d5
23.Nxd5 Nfxd5 24.exd5 Rxd5 25.Bxb4 axb4 26.Rfe1 Ra8 27.Rxd5 Qxd5 28.Re2 Nc6
29.Qg4 Nd4 30.Rd2 f5 31.Qxf5 Qxc4 32.Qxe5 Nc6 33.Qc7 Qc3  0-1

[Event "Yerevan ol (Women)"]
[Site "Yerevan"]
[Date "1996.??.??"]
[Round "8"]
[White "Sekulovska, Vesna"]
[Black "Epstein, Esther"]
[Result "1/2-1/2"]
[WhiteElo "2095"]
[BlackElo "2245"]

1.d4 Nf6 2.c4 e6 3.Nf3 b6 4.g3 Ba6 5.b3 Bb4+ 6.Bd2 Be7 7.Bg2 O-O 8.O-O c6
9.Bc3 d5 10.Nbd2 Nbd7 11.Re1 c5 12.cxd5 Nxd5 13.Bb2 Rc8 14.Rc1 cxd4 15.Nxd4 Nc5
16.a3 Qd7 17.Ne4 Nxe4 18.Bxe4 Bf6 19.Qd2 Rfd8 20.Rxc8 Rxc8 21.e3 h6 22.Rc1 Bb7
23.Rxc8+ Qxc8 24.Qc2 Qa8 25.Bg2 Ne7 26.Bxb7 Qxb7 27.Ne2 Bxb2 28.Qxb2 Qe4
29.Nd4 e5 30.Qc2 Qd5 31.Ne2 Nc6 32.e4 Qd7 33.Kg2 g6 34.f3 Kg7 35.b4 Nd8 36.Qc4 Ne6
37.Qd5 Qxd5 38.exd5 Nd8 39.Nc3 f5 40.Nb5 a5 41.bxa5 bxa5 42.Kf2 Kf6 43.Ke3 Nb7
44.Kd3 Ke7 45.h3 Kd7 46.g4 Nd6 47.Na7 e4+ 48.fxe4 fxe4+ 49.Kd4 a4 50.h4 e3
51.Kxe3 Nc4+ 52.Kd4 Nxa3 53.Kc3 Kd6 54.Nc8+ Kc5 55.Ne7 Nb5+ 56.Kb2 g5 57.hxg5 hxg5
58.Ka2 Nc3+ 59.Ka3 Nxd5 60.Ng6 Kb5 61.Ne5 Nf6 62.Nf3 Ne4 63.Nd4+ Kc4 64.Ne6 Kd5
65.Nxg5  1/2-1/2

[Event "Yerevan ol (Men)"]
[Site "Yerevan"]
[Date "1996.??.??"]
[Round "9"]
[White "Chernin, Alexander"]
[Black "Van der Wiel, John TH"]
[Result "1/2-1/2"]
[WhiteElo "2620"]
[BlackElo "2535"]

1.d4 Nf6 2.c4 e6 3.Nf3 b6 4.g3 Ba6 5.b3 Bb4+ 6.Bd2 Be7 7.Bg2 c6 8.Bc3 d5
9.Ne5 Nfd7 10.Nxd7 Nxd7 11.Nd2 O-O 12.O-O Rc8 13.e4 c5 14.exd5 exd5 15.dxc5 dxc4
16.c6 cxb3 17.Re1 Bb5 18.axb3 Bxc6 19.Bxc6 Rxc6 20.Rxa7 Bf6 21.Nc4 Nc5 22.Qxd8 Rxd8
23.Bxf6 gxf6  1/2-1/2

[Event "Yerevan ol (Men)"]
[Site "Yerevan"]
[Date "1996.??.??"]
[Round "14"]
[White "Bouaziz, Slim"]
[Black "Motwani, Paul"]
[Result "1/2-1/2"]
[WhiteElo "2410"]
[BlackElo "2490"]

1.d4 Nf6 2.c4 e6 3.Nf3 b6 4.g3 Ba6 5.b3 Bb4+ 6.Bd2 Be7 7.Bg2 d5 8.Ne5 O-O
9.O-O Bb7 10.Nc3 Na6 11.cxd5 exd5 12.Bg5 Ne4 13.Nxe4 dxe4 14.Bxe7 Qxe7 15.Qc2 Nb4
16.Qb2 Rfe8 17.a3 Nd5 18.Nc4 Rad8 19.Rac1 h5 20.e3 h4 21.Rfe1 Qg5 22.b4 Re6
23.b5 Rde8 24.Ne5 hxg3 25.fxg3 f6 26.Nc4 Qg6 27.Bh3 R6e7 28.a4 Qh5 29.Bg2 Bc8
30.Na3 Bg4 31.Nc2 Kf7 32.Bf1 Rh8 33.Na3 Be6 34.Rc2 Qg5 35.Nc4 g6 36.Rf2 Kg7
37.Bg2 Qh5 38.Bf1 Rh7 39.Nd2 Bf7 40.Bc4 Re8 41.Qb3 Qg5 42.Nf1 Rd8 43.Rc1 Rd7
44.Qa3 f5 45.Rfc2 Qd8 46.Nd2 Nf6 47.Bxf7 Rxf7 48.Nc4 Ng4 49.Qb2 Rd7 50.Rf1 Rh3  1/2-1/2

[Event "Zalakaros op"]
[Site "Zalakaros"]
[Date "1996.??.??"]
[Round "2"]
[White "Varga, Zoltan"]
[Black "Rezsek, Gyozo"]
[Result "1-0"]
[WhiteElo "2540"]
[BlackElo "2140"]

1.d4 Nf6 2.c4 e6 3.Nf3 b6 4.g3 Ba6 5.Nbd2 Be7 6.Bg2 Bb7 7.O-O O-O 8.Re1 d5
9.cxd5 exd5 10.Ne5 Nbd7 11.Nd3 Re8 12.b4 Ne4 13.Nf1 Bf6 14.Bb2 Nd6 15.Ne3 c6
16.Rc1 h5 17.Rc2 Rc8 18.Bh3 Ra8 19.Qc1 g6 20.Rxc6 Nb8 21.Rc7 Na6 22.Rd7 Qb8
23.a3 Rc8 24.Qb1 Bc6 25.Nf4 Bxd7 26.Bxd7 Rd8 27.Bc6  1-0

[Event "Weihnachts op"]
[Site "Zuerich"]
[Date "1996.??.??"]
[Round "6"]
[White "Ivanisevic, Ivan"]
[Black "Ilijin, Neboisa"]
[Result "1/2-1/2"]
[WhiteElo "2300"]
[BlackElo "2305"]

1.d4 Nf6 2.c4 e6 3.Nf3 b6 4.g3 Ba6 5.b3 Bb4+ 6.Bd2 Be7 7.Bg2 c6 8.Bc3 d5
9.Nbd2 Nbd7 10.Rc1 Rc8 11.Rc2 O-O 12.O-O c5 13.a4 Bb7 14.Qa1 Re8 15.Rd1 Nf8
16.Ne5 cxd4 17.Bxd4 Rc7 18.Qb2 Qa8 19.Rdc1 Rec8 20.Nd7 N6xd7 21.cxd5 Rxc2
22.Rxc2 Rxc2 23.Qxc2 Bxd5 24.Bxd5 Qxd5 25.Qc4 Qxc4 26.Nxc4 Nc5 27.Bxc5 Bxc5
28.Ne5 f6 29.Nd3 Bd6 30.f4 Kf7 31.Kf2 Ke7 32.Ke3 Kd7 33.Kd4 Kc6 34.g4 Bxf4
35.Nxf4 e5+ 36.Ke4 exf4 37.Kxf4 Kd6 38.Ke4 g6 39.Kd4 a6 40.b4 Kc6 41.Kc4 b5+
42.axb5+ axb5+ 43.Kd4 Kd6 44.Ke4 Ke6 45.Kd4 Kd6  1/2-1/2

[Event "Brasilia"]
[Site "Brasilia"]
[Date "1997.07.26"]
[Round "12"]
[White "Valle, Adriano"]
[Black "Trindade, Sandro Heleno"]
[Result "1/2-1/2"]
[WhiteElo "2225"]
[BlackElo "2345"]

1.d4 Nf6 2.c4 e6 3.Nf3 b6 4.g3 Ba6 5.b3 Bb4+ 6.Bd2 Be7 7.Bg2 d5 8.cxd5 exd5
9.O-O O-O 10.Nc3 Nbd7 11.Rc1 Re8 12.Ne5 Bb7 13.Bg5 Ne4 14.Bxe7 Rxe7 15.Nd3 Nf8
16.b4 Qe8 17.e3 a5 18.Re1 Qd7 19.Re2 Ba6 20.bxa5 Bxd3 21.Qxd3 Nxc3 22.Qxc3 Rxa5
23.Rec2 Ne6 24.Qc6 Qxc6 25.Rxc6 Kf8 26.h4 g6 27.Bh3 f5 28.g4 Rxa2 29.gxf5 gxf5
30.Bxf5 Rg7+ 31.Kh1 Nd8 32.Rxc7 Rxf2 33.Rxg7 Kxg7 34.Rc7+ Kf6 35.Bxh7 Rf3
36.Bg8 Rxe3 37.Rd7 Ne6 38.Rd6 Re4 39.Bxe6 Rxe6 40.Rxd5 Re4 41.h5 Ke6 42.Rb5 Rxd4
43.Rxb6+ Kf5 44.h6  1/2-1/2

[Event "MK Cafe op-A"]
[Site "Koszalin"]
[Date "1997.08.04"]
[Round "3"]
[White "Kempinski, Robert"]
[Black "Labuckas, Aidas"]
[Result "1-0"]
[WhiteElo "2530"]
[BlackElo "2430"]

1.d4 Nf6 2.Nf3 e6 3.c4 b6 4.g3 Ba6 5.b3 Bb4+ 6.Bd2 Be7 7.Bg2 c6 8.Bc3 d5
9.Ne5 Nfd7 10.Nxd7 Nxd7 11.Nd2 b5 12.O-O O-O 13.e4 Rb8 14.Re1 bxc4 15.bxc4 Bb4
16.Bxb4 Rxb4 17.a3 Rb2 18.Qc1 Rb8 19.Qc3 Nb6 20.exd5 cxd5 21.c5 Na4 22.Qe3 Qa5
23.Nf3 Nb2 24.Ne5 Nc4 25.Nxc4 dxc4 26.Rab1 Rb3 27.Rxb3 cxb3 28.d5 Bd3 29.d6 b2
30.c6 Qb5 31.h4 b1=Q 32.Rxb1 Qxb1+ 33.Kh2 Bb5 34.Qxa7 Qc1 35.d7 Qc4 36.Qb6 Qd3
37.Qc5 g6 38.Qb4 h5 39.Be4 Qe2 40.Qxf8+ Kxf8 41.d8=Q+ Kg7 42.Qd4+ Kh7 43.c7 Ba6
44.Bd3  1-0

[Event "MK Cafe op-A"]
[Site "Koszalin"]
[Date "1997.08.05"]
[Round "4"]
[White "Grigorian, Meri"]
[Black "Pioch, Zygmunt"]
[Result "1/2-1/2"]
[WhiteElo "2085"]
[BlackElo "2285"]

1.d4 Nf6 2.Nf3 e6 3.c4 b6 4.g3 Ba6 5.Qc2 c5 6.Bg2 Bb7 7.e3 Nc6 8.O-O Rc8
9.Nbd2 cxd4 10.exd4 Be7 11.b3 O-O 12.Bb2 d5 13.Rad1 Ba6 14.Ne5 Nxe5 15.dxe5 Nd7
16.Rfe1 b5 17.Bf1 Qb6 18.Bd3 g6 19.h4 Bc5 20.Nf3 Bb4 21.Bd4 Qa5 22.Re3 bxc4
23.bxc4 Bxc4 24.Bxc4 Rxc4 25.Qb2 Rfc8 26.Rb3 Nc5 27.Re3 Ne4 28.Rb1 h6 29.Kg2 Kg7
30.Rb3 Rc2 31.Rxb4 Rxb2 32.R1xb2 Rc1 33.Rb7 Qa6 34.R7b5 Qc6 35.Be3 Rd1 36.R2b4 Qc2
37.Nd4 Qd3 38.Nxe6+ Kh7 39.Nf8+ Kg7 40.Ne6+ Kh7 41.Nf8+ Kg8 42.Rb8 Qf1+ 43.Kf3 Qh1+
44.Kf4 g5+ 45.Kg4 Rg1 46.Ne6+ Kh7 47.Nf8+ Kg7  1/2-1/2

[Event "MK Cafe op-A"]
[Site "Koszalin"]
[Date "1997.08.09"]
[Round "8"]
[White "Kludacz, Magdalena"]
[Black "Kielczewski, Krzysztof"]
[Result "1/2-1/2"]
[WhiteElo "2160"]
[BlackElo "2220"]

1.d4 Nf6 2.c4 e6 3.Nf3 b6 4.g3 Ba6 5.b3 b5 6.cxb5 Bxb5 7.Bg2 d5 8.O-O c5
9.Nc3 Ba6 10.Ba3 Nbd7 11.Na4 Rc8 12.Nxc5 Nxc5  1/2-1/2

[Event "Villarrobledo rapid op"]
[Site "Villarrobledo"]
[Date "1997.08.24"]
[Round "7"]
[White "Chernin, Alexander"]
[Black "Georgiev, Kiril"]
[Result "1/2-1/2"]
[WhiteElo "2640"]
[BlackElo "2670"]

1.d4 Nf6 2.Nf3 e6 3.c4 b6 4.g3 Ba6 5.b3 Bb4+ 6.Bd2 Be7 7.Bg2 c6 8.Bc3 d5
9.Ne5 O-O 10.O-O Bb7 11.Nd2 Na6 12.e4 Rc8 13.Re1 Rc7 14.a3 c5 15.dxc5 Nxc5
16.exd5 exd5 17.b4 Ne6 18.Bb2 dxc4 19.Bxb7 c3 20.Bxc3 Rxc3 21.Bg2 b5 22.Ndf3 Qb6
23.Qd2 Rc7 24.Rad1 Rd8 25.Qe2 Rxd1 26.Rxd1 h6 27.Bh3 Nf8 28.Nd4 Bd6 29.Nxb5 Bxe5
30.Qxe5 Rc2 31.Nd4 Ra2 32.Qe3 Qa6 33.Rd3 Ra1+ 34.Kg2 Ng6 35.Bf5 Qc4 36.Nf3 Nf8
37.Ne5 Qc7 38.Qd4 Re1 39.Nf3 Qb7 40.Re3 Rc1 41.Qd2 Qc6 42.b5 Qc4 43.Bd3 Qc5
44.h3 Ra1 45.Qb2 Rc1 46.Qd4 Qc7 47.Qe5 Qb7 48.a4 Qb6 49.Qd4 Ne6 50.Qxb6 axb6
51.Ne5 Ra1 52.Nc4 Rxa4 53.Nxb6 Rb4 54.Bc4 Kf8 55.Rb3 Rxb3 56.Bxb3 Nd4 57.Bc4 Ne4
58.Na4  1/2-1/2

[Event "ST Lee Cup 4th"]
[Site "Beijing"]
[Date "1997.08.31"]
[Round "7"]
[White "Atalik, Suat"]
[Black "Alterman, Boris"]
[Result "0-1"]
[WhiteElo "2590"]
[BlackElo "2615"]

1.d4 Nf6 2.c4 e6 3.Nf3 b6 4.g3 Ba6 5.Qa4 Bb7 6.Bg2 c5 7.dxc5 bxc5 8.O-O Be7
9.Nc3 O-O 10.Bf4 Qb6 11.Rad1 d6 12.Rd2 h6 13.Rb1 Na6 14.Ne1 Bxg2 15.Nxg2 Rfd8
16.Rbd1 Nc7 17.Rd3 Rac8 18.h3 g5 19.Bc1 d5 20.cxd5 exd5 21.Ne3 d4 22.Nf5 Bf8
23.Qc2 Na6 24.Na4 Qe6 25.Rf3 Nb4 26.Qd2 Ne4 27.Qe1 Nxa2 28.Bd2 Nd6 29.Nxd6 Bxd6
30.Ra3 Rb8 31.e3 Nb4 32.exd4 Qxe1+ 33.Bxe1 cxd4 34.Bxb4 Rxb4 35.Rdd3 Rc8
36.Ra1 Bf8 37.Kg2 Rcb8 38.Kf3 Kh7 39.g4 Kg6 40.Ke2 Re8+ 41.Kd2 Bd6 42.b3 Bf4+
43.Kd1 Rb5 44.Nb2 Rbe5 45.Ra6+ Kg7 46.b4 Re1+ 47.Kc2 R8e2+ 48.Kb3 Rb1  0-1

[Event "ISL-ch"]
[Site "Akureyri"]
[Date "1997.09.20"]
[Round "11"]
[White "Thorsteinsson, Thorsteinn"]
[Black "Hjartarson, Johann"]
[Result "1/2-1/2"]
[WhiteElo "2305"]
[BlackElo "2605"]

1.d4 Nf6 2.c4 e6 3.Nf3 b6 4.g3 Ba6 5.b3 d5 6.Bg2 Bb4+ 7.Bd2 Be7 8.O-O O-O
9.Bc3 Bb7 10.Nbd2 Na6 11.Bb2 c5 12.cxd5  1/2-1/2